Tunnettuja suomalaisia nelikoita - Statistics

Yleistilastot
  • Tätä visaa on pelattu 51 kertaa
  • Keskiarvotulos 3 / 7
Vastaustilastot
% Oikein
Jukka Hildén, Jarno Laasala, Jarppi Leppälä Hannu-Pekka Parviainen (Duudsonit)
82%
Jenni Pääskysaari, Kari Hotakainen, Miika Nousiainen Tuomas Kyrö (Pitääkö olla huolissaan?)
55%
Heikki Hela, Heikki Silvennoinen, Olli Keskinen Timo Kahilainen (Kummeli)
45%
Jan Knutti, Matias Petäistö, Janne Lehtonen Robin Hendry (Erikoisjoukot -kouluttajat)
35%
Thube Hefner, MusaJusa, Hätä-Miikka Päkä (Gasellit)
22%
Jukka Soldan, Jere Marttila, Elli Haloo Leo Hakanen (Haloo Helsinki!)
8%
Kode Koistinen, Lade Laakkonen, Kämy Kämäräinen Ilkka Alanko (Neljä Ruusua)
6%
Ehtoja vastaavia visoja ei löytynyt
Tulosjakauma
Jokaisen tuloksen saaneiden osuus
Persentiili vastausten määrän mukaan
Tuloshistoriasi
Et ole pelannut tätä visaa